| 000 | 00961nam a2200217Ia 4500 | ||
|---|---|---|---|
| 001 | 18375 | ||
| 003 | GE_BSU | ||
| 008 | 181216s||||||||xx |||||||||||||| ||und|| | ||
| 040 | _cGE_BSU | ||
| 080 | _a616-083.98 | ||
| 100 | _aკალაძე,კ. ჩიხლაძე,მ., ჭეიშვილი,ჯ., გომელაური,ნ. | ||
| 245 | _aპირველადი გადაუდებელი დახმარება | ||
| 245 | _bსახელმძღვანელო საშუალო სამედ. სასწავლებლებისათვის | ||
| 245 | _cშედგენილია გ.ზავრშვილის წიგნის მიხედვით | ||
| 260 | _aთბილისი | ||
| 260 | _c2015 | ||
| 300 | _a60გვ. 30სმ. | ||
| 541 | _h30ლ. | ||
| 653 | _aპირველადი გადაუდებელი დახმარება | ||
| 942 | _cBK | ||
| 999 |
_c51390 _d51390 |
||